000 00321nam a2200097Ia 4500
008 220120s9999||||xx |||||||||||||| ||und||
100 _aRishab bopaiah, appachu, bopanna,karthik
_912771
245 0 _aDE-Shelling of dried coffee seeds
260 _aCoorg Institute of Technology
_bPonnampet
_c2019
650 _aCIVIL ENGINEERING
999 _c138371
_d138371